Responses for Show #1586 - Monday, June 24, 1991

Mark Born game 3.
Final Jeopardy! responses from audiorecording. Missing prizes.

Contestants

[<< previous game]

Charlee Hutton, a contract administrator from Long Beach, California

Tom Nicoll, a police officer originally from Detroit, Michigan

Mark Born, an investment analyst from Los Angeles, California (whose 2-day cash winnings total $44,399)

[next game >>]

Jeopardy! Round responses

1990 EMMYS
LAW
IN THE DICTIONARY
USA
ART
NANCY REAGAN
    $100 22
CNN

Mark
    $100 6
(Charlee: What is [**]?)
(Alex: We'll accept that, all right.)

larceny (or theft)

Charlee
    $100 11
grotesque

Tom
    $100 1
Vermont

Mark
    $100 16
Vincent van Gogh

Charlee
    $100 21
Rosalynn Carter

Tom
    $200 23
Columbo

Mark
    $200 7
small claims court

Mark
    $200 12
lacrimose

Mark
    $200 2
Wisconsin

Mark
    $200 17
Mercury

Mark
    $200 27
Jane Wyman

Mark
    $300 24
(Alex: We've got less than a minute to go.)

In Living Color

Tom
    $300 8
Federalist

Mark
    $1,000 13
Greek

Mark
    $300 3
Colorado

Mark
    $300 18
"American Gothic"

Charlee
    $300 28
[end-of-round signal sounds]

Patti Davis

Mark
    $400 25
(Mark: Who is Barbara Walters?)

Connie Chung

MarkCharlee
    $400 9
barrister (or solicitor)

Charlee
    $400 14
silk

Charlee
    $400 4
(Tom: What is Florida?)

New Mexico

MarkTom
    $400 19
Rembrandt

Charlee
    $500 26
(Mark: Who are Brian Boitano &....[time]?)

Brian Boitano & Brian Orser

Mark
Triple Stumper
    $500 10
docket

Tom
    $500 15
(Mark: What is Russian?)

Arabic

Mark
Triple Stumper
    $500 5
Cincinnati

Tom
    $500 20
Salvador Dali

Charlee

Scores at the first commercial break (after clue 13):

Mark Tom Charlee
$2,700 $700 $500

Scores at the end of the Jeopardy! Round:

Mark Tom Charlee
$2,300 $1,100 $2,600

Double Jeopardy! Round responses

HISTORY
WORLD THEATRE
BUSINESS LEADERS
NURSERY RHYMES
FRENCH CITIES
DANCE CRAZES
    $200 1
Germany

Mark
    $200 11
London

Mark
    $200 16
Sears

Mark
    $200 21
Number Nine

Tom
    $200 6
Cannes

Charlee
    $200 22
tango

Charlee
    $400 2
Halley's Comet

Tom
    $400 12
Sanskrit

Tom
    $400 17
Michael Eisner

Charlee
    $400 23
roses

Charlee
    $400 7
(Mark: What is Vichy?)
(Tom: [shakes head])

Bordeaux

MarkTom
Triple Stumper
    $400 27
limbo

Charlee
    $600 3
(Alex: Or Bleda.)

Attila

Mark
    $600 13
Commedia dell'arte

Mark
    $600 18
IBM

Tom
    $600 24
good night

Triple Stumper
    $600 8
Marseille

Tom
    $600 28
conga

Mark
    $2,000 4
Trygve Lie & Dag Hammarskjold

Mark
    $800 14
Deus ex machina

Mark
    $800 19
Steve Wozniak

Mark
    $800 25
the fly

Charlee
    $800 9
Le Mans

Mark
    $500 29
(Mark: What is samba?)

Bossa nova

Mark
    $1000 5
Jane Seymour

Mark
    $1000 15
"Playboy of the Western World"

Mark
    $1000 20
(Sebastian S.) Kresge

Mark
    $1000 26
a candle

Triple Stumper
    $1000 10
(Charlee: What is Saute?)

Lyon

MarkCharlee
    $1000 30
The Big Apple

Charlee

Scores at the end of the Double Jeopardy! Round:

Mark Tom Charlee
$12,200 $2,900 $5,000
(lock game)

[wagering suggestions for these scores]

Final Jeopardy! Round responses

AMERICAN AUTHORS
TomWho is Sandburg?
$2,800
CharleeWho is Washington Irving?
$4,999
MarkWho is Adams?
$2,100
Washington Irving

Final scores:

Mark Tom Charlee
$10,100 $100 $9,999
3-day champion: $54,499 3rd place 2nd place

Game dynamics:

Coryat scores:

Mark Tom Charlee
$10,800 $2,900 $5,000
27 R
(including 2 DDs),
5 W
(including 1 DD)
10 R,
2 W
15 R,
1 W

Combined Coryat: $18,700

[game clues] [game scores] [suggest correction]

Game tape date: 1991-03-18
The J! Archive is created by fans, for fans. Scraping, republication, monetization, and malicious use prohibited; this site may use cookies and collect identifying information. See terms. The Jeopardy! game show and all elements thereof, including but not limited to copyright and trademark thereto, are the property of Jeopardy Productions, Inc. and are protected under law. This website is not affiliated with, sponsored by, or operated by Jeopardy Productions, Inc. Join the discussion at JBoard.tv.